000 01633nam0a2200385 4500
001 RU\NLR\BIBL_A\022070615
005 20231124141640.0
010 _a978-5-389-23296-9
_91000
021 _aRU
_bКН-П-23-064382
_9КН-П-23-6538
035 _a(NLR Aleph) 022070615
090 _a12658122
_c12658122
100 _a20231113d2023 u y0rusy50 ca
101 1 _arus
_ceng
102 _aRU
105 _aach|z||||||z|
181 0 _ai3
_baxxe
182 0 _an
200 1 _aЧерный лебедь
_dThe black swan
_eпод знаком непредсказуемости
_fНассим Николас Талеб
_gпер. с англ. В. Сонькина [и др.]
_zeng
210 _aМосква
_cСбербанк
_cАзбука-Аттикус
_d2023
215 _a453, [1] с.
_cил., портр.
_d22
225 1 _aБиблиотека Сбербанка
_vт. 11
300 _aАвт. также на англ. яз.: Nassim Nicholas Taleb
320 _aБиблиогр.: с. 397-454
510 0 _6z20790
_aThe black swan
_zeng
606 1 _aПрогнозирование экономическое
_92094245
_3RU\NLR\AUTH\661267266
606 1 _aСобытие (социол.)
_92356187
_3RU\NLR\AUTH\6601629957
686 1 _aУ23(0)038
686 1 _aУ010в
686 1 _aС5в
700 1 _4070
_7ca
_8rus
_aТалеб
_bН. Н.
_f1960-
_gНассим Николас
_991341
_3RU\NLR\AUTH\77108416
790 1 _4070
_6z20510
_7ba
_8eng
_aTaleb
_bN. N.
_f1960-
_gNassim Nicholas
_991343
_3RU\NLR\AUTH\77108418
942 _cBOOK
980 _aNB